Statistics for 2022 FIFA World Cup Group A - Netherlands - Ecuador

Click here to take the quiz!

General Stats

  • This quiz has been taken 82 times
  • The average score is 17 of 31

Answer Stats

Player% Correct
Virgil van Dijk
98%
Frenkie de Jong
96%
Denzel Dumfries
85%
Memphis Depay
85%
Enner Valencia ¹
83%
Cody Gakpo ¹
81%
Daley Blind
77%
Louis van Gaal
77%
Nathan Aké
73%
Pervis Estupiñán
71%
Jurriën Timber
69%
Moisés Caicedo
69%
Steven Bergwijn
65%
Piero Hincapié
63%
Andries Noppert
62%
Davy Klaassen
62%
Steven Berghuis
58%
Marten de Roon
56%
Wout Weghorst
56%
Gonzalo Plata
44%
Teun Koopmeiners
42%
Jeremy Sarmiento
38%
Michael Estrada
33%
Ángelo Preciado
31%
Félix Torres
29%
Hernán Galíndez
29%
Kevin Rodríguez
25%
Sebas Méndez
25%
Gustavo Alfaro
23%
Romario Ibarra
21%
Jackson Porozo
13%

Score Distribution

Percentile by Number Answered

Percent of People with Each Score

Your Score History

You have not taken this quiz